| 000 | 00823aam a2200301 i 4500 | ||
|---|---|---|---|
| 001 | 768714001 | ||
| 003 | CO-MdFUSB | ||
| 005 | 20250521101808.0 | ||
| 007 | ta | ||
| 008 | 250521t2006 ck |||| |||| 00| 0 spa d | ||
| 020 | _a958-33-5367-1 | ||
| 040 | _cCO-MdFUSB | ||
| 041 | 0 | _aspa | |
| 082 | 0 | 4 |
_223 _a248.4 _bG571r |
| 100 | 1 |
_aGóngora Garzón, Henry _eautor |
|
| 245 | 1 | 0 |
_aRenovación interior : _b"un camino que debes andar" _c/ Henry Góngora Garzón |
| 250 | _asegunda edición | ||
| 264 | 1 |
_bEdiciones Clara, _aBogotá, Colombia : _c[2006] |
|
| 264 | 4 | _c©2006 | |
| 300 | _a111 páginas | ||
| 336 |
_atexto _btxt _2rdacontent |
||
| 337 |
_2rdamedia _asin mediación _bn |
||
| 338 |
_2rdacarrier _avolumen _bnc |
||
| 563 | _aRústico | ||
| 650 | 0 |
_aVida espiritual _951 |
|
| 942 | _cBK | ||
| 945 | _aJTF-925 | ||
| 999 |
_c42894 _d42894 |
||